Bilecik Bilecik Bilecik Bilecik Bilecik

İşçi sınıfının oluşumu : (Record no. 42013)

MARC details
000 -BAŞLIK
Sabit Uzunluktaki Kontrol Alanı 02700nam a22003737a 4500
001 - KONTROL NUMARASI
Control Dosyası 0042176
003 - KONTROL NUMARASI KİMLİĞİ
Kontrol Alanı KOHA_MİRAKIL
005 - EN SON İŞLEM TARİHİ ve ZAMANI
Kontrol Alanı 20260207003303.0
007 - FİZİKSEL TANIM SABİT ALAN - GENEL BİLGİ
Sabit uzunluklu kontrol alanı ta
008 - SABİT UZUNLUKTAKİ VERİ ÖGELERİ - GENEL BİLGİ
Sabit Alan 130730b2012 tu |||gr||||#||||0|tur |
020 ## - ISBN - ULUSLARARASI STANDART KİTAP NUMARASI
Isbn 9786055668273
040 ## - KATALOGLAMA KAYNAĞI
Özgün Kataloglama Kurumu TR-BiSEU
Kataloglama Dili tur
Çeviri Kurumu TR-BiSEU
Açıklama Kuralları rda
041 0# - DİL KODU
Metin ya da ses kaydının dil kodu tur
044 ## - YAYINLAYAN/ÜRETEN KURULUŞUN ÜLKE KODU
ISO country code tu
050 ## - SINIFLAMA ve YER NUMARASI
Sınıflama Numarası HD8430
Yer Numarası .I83 2012
240 10 - TEK BİÇİM BAŞLIK
Tekbiçim Başlık <a href="Working-class formation : nineteenth-century patterns in Western Europe and the United States">Working-class formation : nineteenth-century patterns in Western Europe and the United States</a>
Language of a work Türkçe
245 0# - ESER ADI BİLDİRİMİ
Başlık İşçi sınıfının oluşumu :
Alt Eseradı vb. batı Avrupa ve Amerika'da 19. yüzyıl örüntüleri =
-- Working-class formation :
-- nineteenth-century patterns in Western Europe and the United States/
Sorumluluk Bildirimi editörler Ira katznelson, Aristide R. Zolberg, çeviri Reşide Adal.
264 #1 - ÜRERİM, YAYIN, DAĞITIM ve TELİF BİLDİRİMİ
Yayın yeri Ankara :
Yayınlayan Tan Kitabevi
Yayın tarihi 2012
300 ## - FİZİKSEL TANIMLAMA
Sayfa, Cilt vb. 453 sayfa ;
Boyutları 24 cm.
336 ## - İÇERİK TÜRÜ
Content type term metin
Content type code txt
Source rdacontent
337 ## - MEDYA TÜRÜ
Media type term aracısız
Media type code n
Source rdamedia
338 ## - TAŞIYICI TÜRÜ
Carrier type term cilt
Carrier type code nc
Source rdacarrier
490 1# - DİZİ BİLDİRİMİ
Dizi Bildirimi Tan Kitabevi yayınları ;
Cilt Numarası 27.Modern klasikler dizisi ;
-- 1
500 ## - GENEL NOT
Genel Not Özgün eseradı : Working-class formation : nineteenth-century patterns in Western Europe and the United States
505 ## - İÇİNDEKİLER NOTU
İçindekiler Notu İÇİNDEKİLER TÜRKÇE BASKIYA ÖNSÖZ 7 ÖNSÖZ 9 GİRİŞ İşçi Sınıfı Oluşumu: Vakaları ve Karşılaştırmaları Kurgulamak 13 Ira Katznelson BÖLÜM 1. FRANSA Zanaatkarlar, Fabrika İşçileri ve Fransız İşçi Sınıfının Oluşumu 53 William H. Sewell, Jr. Fransız İşçi Sınıfının Oluşumu Üzerine 79 Michelle Perrot 1848-1900 Yılları Arasında Fransa'daki İşçi Sınıfı Kültürlerinin Özgünlüğü 117 Alain Cotterau BÖLÜM 2. AMERİKA BİRLEŞİK DEVLETLERİ Amerikalılaşmak: İç Savaş Öncesi Birleşik Devletler'de İşçi Sınıflan 159 Amy Bridges Sendikalar ve Siyasi Makineler: 19. Yüzyıl Sonlarında Amerikan İşçi Sınıfının Örgütlenişi ve Dağılışı 203 Martin Shefter BÖLÜM 3. ALMANYA Almanya'da İşçi Sınıfı Oluşumunun Sorunları: Erken Dönem, 1800-1875 285 Jürgen Kocka Ekonomik Kriz, Devlet Politikası ve Almanya'da İşçi Sınıfı Oluşumu, 1870-1900 355 Mary Nolan SONUÇ Kaç İstisnacılık? 399 Aristide fi. Zolberg
650 #0 - KONU BAŞLIĞI EK GİRİŞ - KONU TERİMİ
Konusal terim veya coğrafi ad Working class--France--History--19th century.
9 (RLIN) 78358
650 #0 - KONU BAŞLIĞI EK GİRİŞ - KONU TERİMİ
Konusal terim veya coğrafi ad Working class--United States--History--19th century.
9 (RLIN) 78359
650 #0 - KONU BAŞLIĞI EK GİRİŞ - KONU TERİMİ
Konusal terim veya coğrafi ad Working class--Germany--History--19th century.
9 (RLIN) 78360
650 #0 - KONU BAŞLIĞI EK GİRİŞ - KONU TERİMİ
Konusal terim veya coğrafi ad İşçi sınıfı--Fransa--Tarih--19. yüzyıl.
9 (RLIN) 78361
650 #0 - KONU BAŞLIĞI EK GİRİŞ - KONU TERİMİ
Konusal terim veya coğrafi ad İşçi sınıfı--ABD--Tarih--19. yüzyıl.
9 (RLIN) 78362
650 #0 - KONU BAŞLIĞI EK GİRİŞ - KONU TERİMİ
Konusal terim veya coğrafi ad İşçi sınıfı--Almanya--Tarih--19. yüzyıl
9 (RLIN) 78363
830 1# - SERİ EK GİRİŞİ - TEKBİÇİM ESER ADI
Tekbiçim Başlık Tan Kitabevi yayınları ;
Volume number/sequential designation 27.Modern klasikler dizisi ;
-- 1
9 (RLIN) 78364
942 ## - EK GİRİŞ ÖGELERİ (KOHA)
Source of classification or shelving scheme Library of Congress Classification
Koha item type Book
Holdings
Materyal Türü Kalıcı Konum Mevcut Konum Raf Yeri Sınıflandırma Kaynağı Edinim Bilgisi Ana Konular Alt Konular Yer Numarası Demirbaş Numarası Fatura Tarihi Maliyet, Alış Fiyatı Maliyet, Yenileme Fiyatı Geri Çekilme Durumu Kayıp Durumu Hasarlı Durumu Kredi için değil Kayıt Tarih Toplam Ödünçverme Son Görülme Tarihi Son Kontrol Tarihi Satın Alma Notu
Book Prof. Dr. Azmi Özcan Kütüphanesi Prof. Dr. Azmi Özcan Kütüphanesi Uluğbey Salonu Library of Congress Classification Satın SOSYAL BİLİMLER Endüstriler, Arazi Kullanımı, İşgücü HD8430 .I83 2012 0042176 24/09/2013 18.03 18.03         30/07/2013   05/12/2024 05/12/2024 73291-73383 (92 sayfa)